Propietats dels materials
Descripción Física:
76 p. : il. ; 23 cm
Colección:
text núm. 24
Otros Autores:
Catalunya. Extensió d'Ensenyament Tècnic
Materias:
Matèria -- Propietats
MARC
| LEADER | 00000nam a2200000Ia 4500 | ||
|---|---|---|---|
| 001 | 7705 | ||
| 008 | 160829s9999 xx 000 0 cat d | ||
| 080 | |a C-1-469 | ||
| 245 | |a Propietats dels materials | ||
| 260 | |a Barcelona : |b Mancomunitat de Catalunya, Extensió d'Ensenyament Tècnic, [s.a.] | ||
| 300 | |a 76 p. : |b il. ; |c 23 cm | ||
| 490 | |a text núm. 24 | ||
| 650 | |a Matèria |x Propietats |9 20747 | ||
| 700 | |a Catalunya. Extensió d'Ensenyament Tècnic |9 20004 | ||
| 901 | |a Arxiu | ||
| 942 | |n 1 | ||
| 952 | |0 0 |1 0 |4 0 |6 C1469 |7 1 |9 41649 |a Arxiu |b Arxiu |d 2016-12-01 |l 0 |o C-1-469 |p 7705 |r 2016-12-01 00:00:00 |w 2016-12-01 |y ARXIU | ||
| 999 | |c 43539 |d 43539 | ||